[Event "3. Open Distrito Chamartín 2014"]
[Site "Madrid ESP"]
[Date "2014.09.13"]
[Round "9.8"]
[White "Ruiz Sanchez, Roberto"]
[Black "Madurga Lopez, Ignacio"]
[Result "0-1"]
[WhiteElo "1910"]
[BlackElo "2089"]
[PlyCount "130"]
[EventDate "2014.09.07"]
[EventType "swiss"]
[EventRounds "9"]
[EventCountry "ESP"]
[SourceTitle "Ajedrez en Madrid"]
[Source "lmi"]
[SourceDate "2014.09.07"]
[SourceVersion "1"]
[SourceVersionDate "2015.07.30"]
[SourceQuality "1"]

1. e4 c5 2. c3 Nf6 3. e5 Nd5 4. d4 cxd4 5. Nf3 Nc6 6. cxd4 d6 7. exd6 Qxd6 8.
Nc3 e6 9. Bc4 Be7 10. O-O O-O 11. Re1 Nxc3 12. bxc3 Bf6 13. Ng5 h6 14. Ne4 Qd8
15. Qf3 Be7 16. Rb1 Na5 17. Bd3 Bd7 18. Qg3 Kh8 19. Bf4 Rc8 20. c4 b6 21. Rbc1
Bc6 22. Be5 f6 23. Nxf6 Rxf6 24. Bxf6 Bxf6 25. Qg6 Qg8 26. Rxe6 Be8 27. Qe4 Bf7
28. d5 Bxe6 29. dxe6 Re8 30. Re1 Re7 31. Qf5 Nc6 32. f4 Nd4 33. Qg6 Rxe6 34.
Rxe6 Nxe6 35. g3 Nf8 36. Qe8 g6 37. Qb8 Qf7 38. Bxg6 Qe7 39. Kf1 Kg7 40. Bd3
Qd7 41. Ke2 Qe7+ 42. Kd2 Ne6 43. Qa8 Qb4+ 44. Ke3 Qe1+ 45. Be2 Bd4+ 46. Kd3
Qc3+ 47. Ke4 Qe3+ 48. Kf5 Qxe2 49. Qe8 Qd3+ 50. Kxe6 Qxc4+ 51. Kf5 Qf7+ 52.
Qxf7+ Kxf7 53. g4 b5 54. h4 a5 55. h5 b4 56. g5 a4 57. Ke4 a3 58. Kxd4 b3 59.
axb3 a2 60. g6+ Kf6 61. b4 a1=Q+ 62. Kc5 Qc1+ 63. Kb6 Qxf4 64. b5 Qf5 65. Kc6
Qxh5 0-1

[Event "3. Open Distrito Chamartín 2014"]
[Site "Madrid ESP"]
[Date "2014.09.13"]
[Round "9.9"]
[White "Gonzalez Aguirre, Luis"]
[Black "Hernandez Garcia, Carlos"]
[Result "1-0"]
[WhiteElo "2089"]
[BlackElo "1810"]
[PlyCount "55"]
[EventDate "2014.09.07"]
[EventType "swiss"]
[EventRounds "9"]
[EventCountry "ESP"]
[SourceTitle "Ajedrez en Madrid"]
[Source "lmi"]
[SourceDate "2014.09.07"]
[SourceVersion "1"]
[SourceVersionDate "2015.07.30"]
[SourceQuality "1"]

1. Nf3 Nf6 2. c4 e6 3. Nc3 Be7 4. d4 d5 5. Bg5 c6 6. e3 Nbd7 7. Qc2 h6 8. Bh4
O-O 9. Bd3 Re8 10. O-O dxc4 11. Bxc4 Nd5 12. Bg3 b5 13. Bxd5 exd5 14. Nxd5 Bb7
15. Nc7 Qc8 16. Nxe8 Qxe8 17. Rac1 Rc8 18. Ne5 Nf6 19. Nd3 c5 20. Nxc5 Bxc5 21.
dxc5 Ne4 22. b4 Ng5 23. Qb2 Rc6 24. Qe5 Re6 25. Qb8 Bc8 26. Rcd1 h5 27. Bc7 Bd7
28. Rxd7 1-0

[Event "3. Open Distrito Chamartín 2014"]
[Site "Madrid ESP"]
[Date "2014.09.13"]
[Round "9.10"]
[White "Balsinde Montemayor, Pablo"]
[Black "Lisarri Tomas, Antonio"]
[Result "0-1"]
[WhiteElo "1849"]
[BlackElo "2033"]
[PlyCount "62"]
[EventDate "2014.09.07"]
[EventType "swiss"]
[EventRounds "9"]
[EventCountry "ESP"]
[SourceTitle "Ajedrez en Madrid"]
[Source "lmi"]
[SourceDate "2014.09.07"]
[SourceVersion "1"]
[SourceVersionDate "2015.07.30"]
[SourceQuality "1"]

1. d4 Nf6 2. c4 g6 3. Nc3 Bg7 4. e4 d6 5. f4 O-O 6. Nf3 c5 7. d5 a6 8. a4 e6 9.
Be2 exd5 10. cxd5 Re8 11. Nd2 Nbd7 12. O-O Rb8 13. Re1 Nf8 14. a5 h5 15. Bf3
Ng4 16. h3 Bd4+ 17. Kf1 Qh4 18. Ke2 Ne3 19. Qa4 Bd7 20. Qb3 Nxg2 21. Bxg2 Qf2+
22. Kd1 Qxg2 23. Nc4 Bxh3 24. Bd2 Bf2 25. Nxd6 Bxe1 26. Bxe1 Bg4+ 27. Kc1 Red8
28. e5 Qf1 29. Kc2 Qxf4 30. Bd2 Qxe5 31. Nxf7 Bf5+ 0-1

[Event "3. Open Distrito Chamartín 2014"]
[Site "Madrid ESP"]
[Date "2014.09.13"]
[Round "9.11"]
[White "Nieto De La Cruz, Julio"]
[Black "Bento Iglesias, Pablo"]
[Result "1-0"]
[WhiteElo "2179"]
[BlackElo "1660"]
[PlyCount "73"]
[EventDate "2014.09.07"]
[EventType "swiss"]
[EventRounds "9"]
[EventCountry "ESP"]
[SourceTitle "Ajedrez en Madrid"]
[Source "lmi"]
[SourceDate "2014.09.07"]
[SourceVersion "1"]
[SourceVersionDate "2015.07.30"]
[SourceQuality "1"]

1. d4 d5 2. c4 dxc4 3. e4 e6 4. Bxc4 Bb4+ 5. Nc3 c6 6. Nf3 Ne7 7. Bg5 h6 8. Bh4
b5 9. Bb3 Bb7 10. O-O Bxc3 11. bxc3 O-O 12. Qe2 Qc7 13. Rad1 a5 14. Ne5 a4 15.
Bc2 f6 16. Nd3 Ng6 17. Bg3 Qf7 18. f4 f5 19. Nc5 Na6 20. Nxb7 Qxb7 21. exf5
exf5 22. Qe6+ Qf7 23. Bxf5 Ne7 24. Bh3 Nc7 25. Qd6 Ned5 26. Rde1 Ra6 27. f5 Qf6
28. Qc5 Qf7 29. f6 gxf6 30. Bxc7 Qxc7 31. Be6+ Rf7 32. Rf3 Kh8 33. Bxf7 Qxf7
34. Qd6 Kg7 35. Rg3+ Kh7 36. Qd8 Ra7 37. Re8 1-0

[Event "3. Open Distrito Chamartín 2014"]
[Site "Madrid ESP"]
[Date "2014.09.13"]
[Round "9.12"]
[White "Barez Menendez, Hector"]
[Black "Quispe Arteaga, Gabriel"]
[Result "1-0"]
[WhiteElo "2163"]
[BlackElo "1777"]
[PlyCount "87"]
[EventDate "2014.09.07"]
[EventType "swiss"]
[EventRounds "9"]
[EventCountry "ESP"]
[SourceTitle "Ajedrez en Madrid"]
[Source "lmi"]
[SourceDate "2014.09.07"]
[SourceVersion "1"]
[SourceVersionDate "2015.07.30"]
[SourceQuality "1"]

1. Nf3 Nf6 2. c4 e6 3. d4 d5 4. Nc3 c6 5. cxd5 cxd5 6. Bf4 Bd6 7. e3 Bxf4 8.
exf4 a6 9. Bd3 Nc6 10. O-O O-O 11. Rc1 Bd7 12. a3 b5 13. a4 Nb4 14. Bb1 Rc8 15.
axb5 axb5 16. Ne5 Qb6 17. f5 Qd6 18. Nxd7 Qxd7 19. fxe6 Qxe6 20. Nxb5 Qb6 21.
Rxc8 Rxc8 22. Nc3 Nc6 23. Qf3 Qxb2 24. Nxd5 Qxd4 25. Nxf6+ Qxf6 26. Qh3 Rd8 27.
Qxh7+ Kf8 28. Qh8+ Ke7 29. Re1+ Kd7 30. Qh3+ Kc7 31. Qg3+ Kc8 32. h3 g6 33. Rc1
Rd7 34. Be4 Rc7 35. Qxc7+ Kxc7 36. Rxc6+ Qxc6 37. Bxc6 Kxc6 38. Kh2 Kd5 39. Kg3
Ke6 40. Kg4 f6 41. h4 Kf7 42. h5 gxh5+ 43. Kxh5 f5 44. Kg5 1-0

[Event "3. Open Distrito Chamartín 2014"]
[Site "Madrid ESP"]
[Date "2014.09.13"]
[Round "9.13"]
[White "Soto Martin, Pablo"]
[Black "Spitzer Isbert, Ramon"]
[Result "1-0"]
[WhiteElo "1781"]
[BlackElo "2087"]
[PlyCount "53"]
[EventDate "2014.09.07"]
[EventType "swiss"]
[EventRounds "9"]
[EventCountry "ESP"]
[SourceTitle "Ajedrez en Madrid"]
[Source "lmi"]
[SourceDate "2014.09.07"]
[SourceVersion "1"]
[SourceVersionDate "2015.07.30"]
[SourceQuality "1"]

1. e4 Nf6 2. e5 Nd5 3. d4 d6 4. c4 Nb6 5. exd6 exd6 6. Nc3 Be7 7. Bd3 O-O 8.
Nge2 Nc6 9. b3 Re8 10. Be3 d5 11. c5 Nd7 12. Nxd5 Bf8 13. O-O Nf6 14. Nxf6+
Qxf6 15. Qd2 h6 16. Nc3 Nb4 17. Ne4 Rxe4 18. Bxe4 a5 19. a3 Na6 20. b4 c6 21.
d5 cxd5 22. Bxd5 Nc7 23. Bf3 axb4 24. Bd4 Qg6 25. axb4 Rxa1 26. Rxa1 Be6 27.
Be3 1-0

[Event "3. Open Distrito Chamartín 2014"]
[Site "Madrid ESP"]
[Date "2014.09.13"]
[Round "9.14"]
[White "Gonzalez Mateos, Rafael"]
[Black "Alvarez Escudero, Manuel"]
[Result "1-0"]
[WhiteElo "2016"]
[BlackElo "1750"]
[PlyCount "73"]
[EventDate "2014.09.07"]
[EventType "swiss"]
[EventRounds "9"]
[EventCountry "ESP"]
[SourceTitle "Ajedrez en Madrid"]
[Source "lmi"]
[SourceDate "2014.09.07"]
[SourceVersion "1"]
[SourceVersionDate "2015.07.30"]
[SourceQuality "1"]

1. d4 d5 2. c3 Nf6 3. Bg5 Nbd7 4. Nf3 h6 5. Bh4 c6 6. Nbd2 e6 7. Qc2 Be7 8. e4
Nxe4 9. Bxe7 Qxe7 10. Nxe4 dxe4 11. Qxe4 Nf6 12. Qe5 O-O 13. Bd3 b6 14. O-O-O
Bb7 15. h3 c5 16. dxc5 Qxc5 17. Qxc5 bxc5 18. Be2 Rad8 19. Rxd8 Rxd8 20. Rd1
Rxd1+ 21. Kxd1 Bxf3 22. Bxf3 Kf8 23. Kd2 Ke7 24. Kd3 Kd6 25. b4 Nd7 26. Be2
Ne5+ 27. Ke3 Kd5 28. f4 Nc4+ 29. Kd3 cxb4 30. cxb4 Nb2+ 31. Kc3 Na4+ 32. Kb3
Nb6 33. Bf3+ Kd6 34. a4 Ke7 35. a5 Nd5 36. Kc4 Nc7 37. b5 1-0

[Event "3. Open Distrito Chamartín 2014"]
[Site "Madrid ESP"]
[Date "2014.09.13"]
[Round "9.15"]
[White "Molina Garcia, Francisco J"]
[Black "Soto Martin, Miguel"]
[Result "0-1"]
[WhiteElo "1901"]
[BlackElo "1658"]
[PlyCount "94"]
[EventDate "2014.09.07"]
[EventType "swiss"]
[EventRounds "9"]
[EventCountry "ESP"]
[SourceTitle "Ajedrez en Madrid"]
[Source "lmi"]
[SourceDate "2014.09.07"]
[SourceVersion "1"]
[SourceVersionDate "2015.07.30"]
[SourceQuality "1"]

1. d4 Nf6 2. c4 g6 3. Nc3 Bg7 4. e4 d6 5. Nf3 O-O 6. Be2 e5 7. O-O Nc6 8. d5
Ne7 9. b4 Nd7 10. Be3 f5 11. Ng5 Nf6 12. f3 f4 13. Bf2 h6 14. Ne6 Bxe6 15. dxe6
g5 16. Rc1 a5 17. a3 axb4 18. axb4 c6 19. Qb3 Qc8 20. c5 d5 21. exd5 cxd5 22.
Nb5 Rb8 23. Nd6 Qxe6 24. Rfd1 Kh8 25. b5 Ne8 26. Ne4 Nc7 27. Nd6 Rfd8 28. Bd3
Ne8 29. Ne4 Qg8 30. Nc3 Nf6 31. Bb1 g4 32. fxg4 Nxg4 33. Bh4 Bf6 34. Bxf6+ Nxf6
35. Ne2 Ng4 36. Qh3 Qg7 37. Rf1 Rg8 38. Nc3 Ne3 39. Rf2 e4 40. Kh1 Ng6 41. Nd1
Nxd1 42. Rxd1 e3 43. Re2 Rbd8 44. Bxg6 Qxg6 45. Qf3 Qg4 46. Qxg4 Rxg4 47. Rd4
f3 0-1